000 00647nam a2200181 i 4500
001 60950
003 ES-MaACL
005 20230906164334.0
007 t|
008 031107s1986 sp ||||1| spa d
020 _a84-505-5751-8
110 1 _aMadrid (Comunidad Autónoma).
_bDirección General de Administración Local.
_95609
245 1 0 _aEstudios y dictámenes de la Dirección General de Administración Local.
260 _aMadrid :
_bConsejería de Gobernación, Dirección General de Administración Local,
_c1986.
300 _a163 p. ;
_c21 cm.
650 4 _aAdministración municipal-
_zMadrid.
_9153436
852 _aES-MaACL
_jG-10830
999 _c60950
_d60950